| 000 | 00875nam a22002655a 4500 | ||
|---|---|---|---|
| 008 | 111010t2006 maua fr 001 0 eng d | ||
| 010 | _a2003045142 | ||
| 020 | _a0321395778 | ||
| 020 | _a9780321395771 | ||
| 040 |
_aEG-ScBUE _beng _cEG-ScBUE |
||
| 082 | 0 | 4 |
_a339 _bABE _222 |
| 100 | 1 |
_aAbel, Andrew B., _927477 |
|
| 245 | 1 | 0 |
_aMacroeconomics / _cAndrew B. Abel, Ben S. Bernanke, Dean Croushore. |
| 250 | _a5th ed. | ||
| 260 |
_aBoston : _bPearson/Addison Wesley, _cc.2006. |
||
| 300 |
_av , 53 p. : _bill. (some col.) ; _c27 cm. |
||
| 490 | 0 | _aThe Addison-Wesley series in economics | |
| 590 | _ayassmeen ashraf | ||
| 650 | 0 |
_aMacroeconomics. _927479 _2BUEsh |
|
| 651 | 0 |
_aUnited States _xEconomic conditions. _927480 _2BUEsh |
|
| 653 |
_bBUSECO _cAugust2015 |
||
| 700 | 1 |
_aBernanke, Ben. _927481 |
|
| 700 | 1 | _aCroushore,Dean | |
| 942 |
_cBB _k339 ABE _2ddc |
||
| 999 |
_c20668 _d20640 |
||